MARC details
| 000 -LEADER |
| fixed length control field |
01821nam a22003737a 4500 |
| 001 - CONTROL NUMBER |
| control field |
14978573 |
| 003 - CONTROL NUMBER IDENTIFIER |
| control field |
OSt |
| 005 - DATE AND TIME OF LATEST TRANSACTION |
| control field |
20190222154845.0 |
| 008 - FIXED-LENGTH DATA ELEMENTS--GENERAL INFORMATION |
| fixed length control field |
070824s2007 ncua b 001 0 eng |
| 010 ## - LIBRARY OF CONGRESS CONTROL NUMBER |
| LC control number |
2007035259 |
| 020 ## - INTERNATIONAL STANDARD BOOK NUMBER |
| International Standard Book Number |
9780786430765 (softcover : alk. paper) |
| 020 ## - INTERNATIONAL STANDARD BOOK NUMBER |
| International Standard Book Number |
0786430761 (softcover : alk. paper) |
| 035 ## - SYSTEM CONTROL NUMBER |
| System control number |
(OCoLC)ocn168717080 |
| 035 ## - SYSTEM CONTROL NUMBER |
| System control number |
(OCoLC)168717080 |
| 040 ## - CATALOGING SOURCE |
| Original cataloging agency |
SEKU |
| 042 ## - AUTHENTICATION CODE |
| Authentication code |
lcac |
| 043 ## - GEOGRAPHIC AREA CODE |
| Geographic area code |
n-usa-- |
| 050 00 - LIBRARY OF CONGRESS CALL NUMBER |
| Classification number |
PS 3537 |
| Item number |
.T53Z73 2007 |
| 082 00 - DEWEY DECIMAL CLASSIFICATION NUMBER |
| Classification number |
811/.52 |
| Edition number |
22 |
| 245 00 - TITLE STATEMENT |
| Title |
James Still : |
| Remainder of title |
critical essays on the dean of Appalachian literature / |
| Statement of responsibility, etc. |
edited by Ted Olson and Kathy H. Olson. |
| 260 ## - PUBLICATION, DISTRIBUTION, ETC. (IMPRINT) |
| Place of publication, distribution, etc. |
Jefferson, N.C. : |
| Name of publisher, distributor, etc. |
McFarland, |
| Date of publication, distribution, etc. |
c2007. |
| 300 ## - PHYSICAL DESCRIPTION |
| Extent |
252 p. : |
| Other physical details |
ill. |
| 440 #0 - SERIES STATEMENT/ADDED ENTRY--TITLE |
| Title |
Contributions to southern Appalachian studies ; |
| Volume/sequential designation |
17 |
| 504 ## - BIBLIOGRAPHY, ETC. NOTE |
| Bibliography, etc |
Includes bibliographical references. |
| 520 ## - SUMMARY, ETC. |
| Summary, etc. |
"Alabama native James Still is one of the most critically acclaimed writers of Appalachian literature. This compilation of scholarly essays exploring Still's literary work is the first book-length collection of its kind and features contributions from leading scholars and writers, including Wendell Berry, Fred Chappell, Jim Wayne Miller, Jeff Daniel Marion, Diane Fisher, Dean Cadle, Hal Crowther"--Provided by publisher. |
| 600 10 - SUBJECT ADDED ENTRY--PERSONAL NAME |
| Personal name |
Still, James, |
| Dates associated with a name |
1906-2001 |
| General subdivision |
Criticism and interpretation. |
| 650 #0 - SUBJECT ADDED ENTRY--TOPICAL TERM |
| Topical term or geographic name as entry element |
American literature |
| Geographic subdivision |
Appalachian Region |
| General subdivision |
History and criticism. |
| 651 #0 - SUBJECT ADDED ENTRY--GEOGRAPHIC NAME |
| Geographic name |
Appalachian Region |
| General subdivision |
Intellectual life. |
| 700 1# - ADDED ENTRY--PERSONAL NAME |
| Personal name |
Olson, Ted. |
| 700 1# - ADDED ENTRY--PERSONAL NAME |
| Personal name |
Olson, Kathy H. |
| 856 41 - ELECTRONIC LOCATION AND ACCESS |
| Materials specified |
Table of contents only |
| Uniform Resource Identifier |
<a href="http://www.loc.gov/catdir/toc/ecip0725/2007035259.html">http://www.loc.gov/catdir/toc/ecip0725/2007035259.html</a> |
| 942 ## - ADDED ENTRY ELEMENTS (KOHA) |
| Source of classification or shelving scheme |
Library of Congress Classification |
| Koha item type |
General circulation |